100 Biggest U.S. Cities of the Great Plains before the Dust Bowl - Statistics

General Stats
  • This quiz has been taken 184 times
    173 since last reset
  • The average score is 39 of 100
Answers on the Map
Answers color-coded by a green-red scale on the quiz's map according to % correct below.
 
Answer Stats
Population State City % Correct
287,861 CO Denver
96%
399,746 MO Kansas City
96%
121,857 KS Kansas City
96%
185,389 OK Oklahoma City
94%
260,475 TX Dallas
93%
142,559 IA Des Moines
93%
231,542 TX San Antonio
93%
163,447 TX Fort Worth
92%
53,120 TX Austin
90%
12,276 MN Austin
90%
214,006 NE Omaha
90%
141,258 OK Tulsa
90%
75,933 NE Lincoln
86%
64,120 KS Topeka
84%
111,110 KS Wichita
83%
16,386 MT Billings
82%
33,237 CO Colorado Springs
82%
11,090 ND Bismarck
81%
17,361 WY Cheyenne
81%
28,619 ND Fargo
81%
33,362 SD Sioux Falls
81%
43,132 TX Amarillo
80%
20,520 TX Lubbock
74%
79,183 IA Sioux City
73%
11,223 CO Boulder
72%
16,619 WY Casper
68%
15,340 IA Iowa City
67%
52,848 TX Waco
67%
56,097 IA Cedar Rapids
63%
60,751 IA Davenport
63%
50,096 CO Pueblo
59%
11,489 CO Fort Collins
57%
23,175 TX Abilene
56%
43,690 TX Wichita Falls
56%
17,112 ND Grand Forks
53%
28,822 MT Great Falls
50%
80,935 MO St. Joseph
50%
15,296 MO Independence
49%
12,782 KS Independence
47%
16,099 ND Minot
43%
13,726 KS Lawrence
42%
42,048 IA Council Bluffs
41%
12,203 CO Greeley
40%
18,041 NE Grand Island
39%
46,191 IA Waterloo
38%
25,308 TX San Angelo
33%
16,465 SD Aberdeen
32%
26,399 OK Enid
30%
12,121 OK Lawton
30%
12,061 NE North Platte
27%
14,038 MN Mankato
24%
20,155 KS Salina
23%
17,466 KS Leavenworth
19%
15,345 TX Temple
19%
11,732 CO Trinidad
19%
26,755 IA Burlington
18%
23,283 OK Shawnee
18%
15,713 TX Sherman
18%
10,942 SD Mitchell
17%
32,026 OK Muskogee
17%
15,490 NE Hastings
16%
27,085 KS Hutchinson
16%
16,778 IA Muscatine
16%
21,895 IA Fort Dodge
14%
28,075 IA Ottumwa
14%
13,024 KS Atchison
13%
14,763 OK Bartlesville
13%
25,726 IA Clinton
13%
11,407 NE Fremont
13%
23,304 IA Mason City
13%
15,741 OK Ardmore
12%
14,067 KS Emporia
12%
15,106 IA Keokuk
12%
20,806 MO Sedalia
12%
10,946 SD Huron
11%
10,717 NE Norfolk
11%
11,261 OK Ada
10%
17,373 IA Marshalltown
10%
11,560 IA Newton
10%
11,034 KS Newton
10%
18,145 KS Pittsburg
10%
16,136 OK Ponca City
10%
12,407 TX Greenville
9%
10,470 TX Pampa
9%
13,735 TX Big Spring
8%
11,886 IA Boone
8%
11,539 TX Cleburne
7%
16,198 KS Coffeyville
7%
15,202 TX Corsicana
7%
10,848 TX Sweetwater
7%
13,946 KS Arkansas City
6%
12,789 TX Brownwood
5%
14,099 OK Chickasha
5%
10,763 KS Fort Scott
5%
13,772 MO Moberly
5%
17,097 OK Okmulgee
5%
14,903 KS Parsons
4%
10,533 OK Sapulpa
4%
11,459 OK Seminole
4%
10,401 OK Wewoka
2%
No matching quizzes found
Score Distribution
Percent of People with Each Score
Percentile by Number Answered
Your Score History
You have not taken this quiz since the last reset